000 00429nam a2200181Ia 4500
008 210210b1967 xxu||||| |||| 00| 0 eng d
041 _aeng
082 _a791/70
100 _aFERREIRA (E Da S)
245 _aMy name is Eusebio
260 _aLondon
_bRoutledge and Kegan Paul Ltd.
_c1967
650 _aname
650 _aMy
650 _ais
650 _aEusebio
690 _aAthletic & Outdoor Sports
906 _a011111
999 _c139231
_d139231